Մեր թատրոնը : (Record no. 97534)
[ view plain ]
| 000 -LEADER | |
|---|---|
| fixed length control field | 01646nam a2200385 a 4500 |
| 001 - CONTROL NUMBER | |
| control field | 000267765 |
| 003 - CONTROL NUMBER IDENTIFIER | |
| control field | AM-YeHGA |
| 005 - DATE AND TIME OF LATEST TRANSACTION | |
| control field | 20250618071800.0 |
| 008 - FIXED-LENGTH DATA ELEMENTS--GENERAL INFORMATION | |
| fixed length control field | 031001s1989 ai ||||gr|||||||||1|arm|d |
| 020 ## - INTERNATIONAL STANDARD BOOK NUMBER | |
| International Standard Book Number | 5807700988 |
| 040 ## - CATALOGING SOURCE | |
| Original cataloging agency | AM-YeHGA |
| 041 0# - LANGUAGE CODE | |
| Language code of text/sound track or separate title | arm |
| 090 ## - LOCALLY ASSIGNED LC-TYPE CALL NUMBER (OCLC); LOCAL CALL NUMBER (RLIN) | |
| -- | 98840 |
| 245 00 - TITLE STATEMENT | |
| Title | Մեր թատրոնը : |
| Remainder of title | Պիեսների ժողովածու / |
| Statement of responsibility, etc. | Կազմ.՝ Ռ. Մարուխյան ; Խմբ.՝ Մ.Գ. Բերբերյան. |
| 260 ## - PUBLICATION, DISTRIBUTION, ETC. | |
| Place of publication, distribution, etc. | Երևան : |
| Name of publisher, distributor, etc. | Արևիկ, |
| Date of publication, distribution, etc. | 1989. |
| 300 ## - PHYSICAL DESCRIPTION | |
| Extent | 392 էջ ; |
| Dimensions | 22 սմ. |
| 650 14 - SUBJECT ADDED ENTRY--TOPICAL TERM | |
| Topical term or geographic name entry element | Հայ գրականություն |
| General subdivision | Թատերգություն |
| 700 1# - ADDED ENTRY--PERSONAL NAME | |
| Personal name | Պետրոսյան, Վարդգես Համազասպի, |
| Dates associated with a name | 1932-1994 |
| 9 (RLIN) | 1431 |
| 700 1# - ADDED ENTRY--PERSONAL NAME | |
| Personal name | Խալափյան, Զորայր Երվանդի, |
| Dates associated with a name | 1933-2008 |
| 9 (RLIN) | 2577 |
| 700 1# - ADDED ENTRY--PERSONAL NAME | |
| Personal name | Վարդանյան, Հայկ Վարդանի, |
| Dates associated with a name | 1926-1995 |
| 9 (RLIN) | 2801 |
| 700 1# - ADDED ENTRY--PERSONAL NAME | |
| Personal name | Չալիկյան, Գրիգոր Սարգսի, |
| Dates associated with a name | 1920-2004 |
| 9 (RLIN) | 1986 |
| 700 1# - ADDED ENTRY--PERSONAL NAME | |
| Personal name | Սիմոնյան, Կարեն Արամի, |
| Dates associated with a name | 1936-2018 |
| 9 (RLIN) | 8967 |
| 700 1# - ADDED ENTRY--PERSONAL NAME | |
| Personal name | Սարգսյան, Գևորգ |
| 9 (RLIN) | 9076 |
| 700 1# - ADDED ENTRY--PERSONAL NAME | |
| Personal name | Մովսիսյան, Վարդգես Կարապետի, |
| Dates associated with a name | 1935-1988 |
| 9 (RLIN) | 1356 |
| 700 1# - ADDED ENTRY--PERSONAL NAME | |
| Personal name | Մարուխյան, Ռուբեն Արամի, |
| Dates associated with a name | 1934-2024 |
| Relator term | կազմ. |
| Relationship | com |
| 9 (RLIN) | 2697 |
| 700 1# - ADDED ENTRY--PERSONAL NAME | |
| Personal name | Բերբերյան, Մ.Գ. |
| Relator term | խմբ. |
| Relationship | edt |
| 740 0# - ADDED ENTRY--UNCONTROLLED RELATED/ANALYTICAL TITLE | |
| Uncontrolled related/analytical title | Վերջին ուսուցիչը |
| 740 0# - ADDED ENTRY--UNCONTROLLED RELATED/ANALYTICAL TITLE | |
| Uncontrolled related/analytical title | Դպրոցական կատակերգություն |
| 740 0# - ADDED ENTRY--UNCONTROLLED RELATED/ANALYTICAL TITLE | |
| Uncontrolled related/analytical title | Ասպետները |
| 740 0# - ADDED ENTRY--UNCONTROLLED RELATED/ANALYTICAL TITLE | |
| Uncontrolled related/analytical title | Կրակոց լուսնի վրա |
| 740 0# - ADDED ENTRY--UNCONTROLLED RELATED/ANALYTICAL TITLE | |
| Uncontrolled related/analytical title | Թող կատարվի քո երազանքը |
| 740 0# - ADDED ENTRY--UNCONTROLLED RELATED/ANALYTICAL TITLE | |
| Uncontrolled related/analytical title | Մեղվի փեթակը |
| 740 0# - ADDED ENTRY--UNCONTROLLED RELATED/ANALYTICAL TITLE | |
| Uncontrolled related/analytical title | Կապույտ լճակներ |
| 942 ## - ADDED ENTRY ELEMENTS (KOHA) | |
| Source of classification or shelving scheme | Universal Decimal Classification |
| Koha item type | Գրքեր / Books |
| Withdrawn status | Lost status | Source of classification or shelving scheme | Damaged status | Not for loan | Collection | Home library | Current library | Date acquired | Total checkouts | Full call number | Barcode | Date last seen | Price effective from | Koha item type | Public note | Copy number |
|---|---|---|---|---|---|---|---|---|---|---|---|---|---|---|---|---|
| Universal Decimal Classification | General | Fundamental Scientific Library | Fundamental Scientific Library | 22/12/2016 | AII/78827 | 220078827 | 22/12/2016 | 22/12/2016 | Գրքեր / Books | 30 Days Loan | ||||||
| General | Fundamental Scientific Library | Fundamental Scientific Library | 22/12/2016 | AII/78406 | FL0208794 | 22/12/2016 | 22/12/2016 | Գրքեր / Books | 30 Days Loan | 891.981-3 |
ՀՀ Գիտությունների ազգային ակադեմիայի հիմնարար գիտական գրադարան = Fundamental Scientific Library of NAS RA
All site content, except where otherwise noted, is licensed under a